000 02543nam a22002057a 4500
999 _c2171
_d2171
003 AR-CdUCM
008 190304b ||||| |||| 00| 0 eng d
040 _aMUNICIPALIDAD PROVINCIAL DEL CUSCO
_cBIBLIOTECA MUNICIPAL DEL CUSCO
082 _a086.985 /
_bM39
100 _aMejia Baca, Juan
_96753
245 _aHistoria del Perú /
260 _aPerú :
_bJuan Mejia Baca ,
_c1980.
300 _a12 tomos ;
_c20.5 cm.
505 _aContenido: t.1.- Perú antiguo -- El periodo formativo -- t.2.- El imperio Wari -- Los reinos y señores locales de los andes centrales: 800-1470 a.c. -- Los incas -- Investigaciones arqueologicas en el Perú (1977-1979) -- t.3.- El dualismo religioso en el antiguo Perú -- La religión incaica -- La estructura social de las comunidades andinas -- t.4.- La conquista del Perú de los incas (1531-1572) -- La sociedad andina colonial -- Economía y sociedad en el Perú colonial (dominio económico) -- t.5.- Economía y sociedad en el Perú colonial, movimiento social -- La vida cotidiana -- Las respuestas populares autónomas -- la literatura en el virreinato -- La religión indígena en la colonia -- t.6.- Conatos levantamientos, campañas e ideología de la independencia -- ideología de los movimientos indios -- Liquidación del antiguo régimen español La insurgencia de independencia de las colonias sudamericanas -- ideología de los insurgentes del periodo de las juntas gubernativas sudamericanas -- t.7.-Antecedentes de la guerra con Chile -- La guerra con Chile -- Los inicios de la expansión mercantil capitalista en el Perú (1890-1930) -- t.8.-Historia de la literatura del Perú republicano --Economía, producción y trabajo (Perú, siglo XX) --Procesos e instituciones -- Arquitectura y urbanismo en el antiguo -- t.9.- La arquitectura en el virreinato y la república -- Historia de las artes plásticas del Perú -- informe sobre la música en el Perú -- t.10.- Historia de la educación en el Perú Introducción a la historia de la ciencia y la tecnología en ele Perú -- t.11.- Feudalismo y movimientos sociales (1866-1965) -- Las ideas en el Perú contemporáneo -- La iglesia católica en el Perú -- t.12.- El pensamiento mágico religioso en el Perú contemporáneo -- Los movimientos populares en el Perú -- La amazonia peruana -- El docenio popular.
650 _aPerú Republicano
_97837
650 _aTúpac Amaru
_9623
650 _aDon José de San Martin
_97838
942 _2ddc
_cLIBROS
945 _artm